|
|
|
|
| LEADER |
02074nam a2200577 i 4500 |
| 001 |
nkc20243644804 |
| 003 |
CZ PrNK |
| 005 |
20250605094121.0 |
| 007 |
ta |
| 008 |
241126s2024 xr f 000 0 slo |
| 015 |
|
|
|a cnb003644804
|
| 020 |
|
|
|a 978-80-906237-8-1
|q (brožováno)
|
| 035 |
|
|
|a (OCoLC)1514348199
|
| 040 |
|
|
|a BOA001
|b cze
|d OLA001
|e rda
|
| 041 |
0 |
|
|a slo
|b eng
|b slo
|
| 045 |
|
|
|a y-y-
|
| 072 |
|
7 |
|a 27-4
|x Praktická teologie. Morální teologie
|2 Konspekt
|9 5
|
| 080 |
|
|
|a 27-662
|2 MRF
|
| 080 |
|
|
|a 27-4
|2 MRF
|
| 080 |
|
|
|a 364-78
|2 MRF
|
| 080 |
|
|
|a 272-732.2-284/-285
|2 MRF
|
| 080 |
|
|
|a 27
|2 MRF
|
| 080 |
|
|
|a (048.8:082)
|2 MRF
|
| 100 |
1 |
|
|a Laca, Peter
|7 jo2014803230
|4 aut
|
| 245 |
1 |
0 |
|a Sociálna náuka cirkvi v kontexte sociálnej práce /
|c Peter Laca, Slavomír Laca
|
| 250 |
|
|
|a Prvé vydanie
|
| 264 |
|
1 |
|a Praha :
|b Pražská vysoká škola psychosociálních studií,
|c 2024
|
| 300 |
|
|
|a 296 stran ;
|c 21 cm
|
| 336 |
|
|
|a text
|b txt
|2 rdacontent
|
| 337 |
|
|
|a bez média
|b n
|2 rdamedia
|
| 338 |
|
|
|a svazek
|b nc
|2 rdacarrier
|
| 500 |
|
|
|a 200 výtisků
|
| 504 |
|
|
|a Obsahuje bibliografii a bibliografické odkazy
|
| 546 |
|
|
|a Anglické a slovenské resumé
|
| 648 |
|
7 |
|a 21. století
|7 ch460559
|2 czenas
|
| 650 |
0 |
7 |
|a sociální nauka církve
|7 ph138523
|2 czenas
|
| 650 |
0 |
7 |
|a praktická teologie
|7 ph138483
|2 czenas
|
| 650 |
0 |
7 |
|a sociální práce
|7 ph125805
|x křesťanské pojetí
|2 czenas
|
| 650 |
0 |
7 |
|a papežské dokumenty
|7 ph123940
|y 21. století
|2 czenas
|
| 650 |
0 |
9 |
|a social doctrine of the Church
|2 eczenas
|
| 650 |
0 |
9 |
|a practical theology
|2 eczenas
|
| 650 |
0 |
9 |
|a social work
|x Christian approach
|2 eczenas
|
| 650 |
0 |
9 |
|a papal documents
|y 21st century
|2 eczenas
|
| 655 |
|
7 |
|a kolektivní monografie
|7 fd501537
|2 czenas
|
| 655 |
|
9 |
|a collective monographs
|2 eczenas
|
| 700 |
1 |
|
|a Laca, Slavomír,
|d 1980-
|7 jx20120203015
|4 aut
|
| 910 |
2 |
|
|a BOA001
|b 2-1486.623
|
| 990 |
|
|
|a BK
|
| 995 |
|
|
|a 01
|
| 991 |
|
|
|b 202502
|c NOV
|
| 996 |
6 |
|
|b 2610994646
|c 2-1486.623
|l MZK
|r Sklad / do 1 hodiny
|n 0
|p p.v.
|w 001994851
|u 000010
|a 1
|e BOA001
|j MZK50
|s P
|